Top 10 Città più popolose Città Metropolitana di Napoli - Statistics

Statistiche generali
  • Questo quiz è stato fatto 67 volte
  • Il punteggio medio è 7 su 10
Statistiche sulle risposte
Popolazione (ab.) Città % Corretto
57 204 Marano di Napoli
98%
962 003 Napoli
97%
85 357 Pozzuoli
80%
118 793 Giugliano in Campania
75%
78 647 Casoria
71%
85 922 Torre del Greco
71%
63 820 Afragola
69%
56 465 Acerra
61%
65 944 Castellammare di Stabia
61%
55 765 Portici
56%
Nessun quiz corrispondente trovato
Distribuzione punteggi
Percentuale di utenti per punteggio
Percentile per numero di risposta
I tuoi punteggi nel tempo
Non hai fatto questo quiz